Французский язык (Запись № 13116167)
[ простой вид ]
| 000 -МАРКЕР | |
|---|---|
| контрольное поле | 01479nam1a2200361 i 4500 |
| 001 - ИДЕНТИФИКАТОР ЗАПИСИ | |
| контрольное поле | RU\NLR\BIBL_A\016349463 |
| 005 - ИДЕНТИФИКАТОР ВЕРСИИ | |
| контрольное поле | 20260406145356.0 |
| 010 ## - МЕЖДУНАРОДНЫЙ СТАНДАРТНЫЙ НОМЕР КНИГИ (ISBN) | |
| Номер (ISBN) | 9785091023961 |
| Тираж | 200 |
| 035 ## - ДРУГИЕ СИСТЕМНЫЕ НОМЕРА | |
| Идентификатор записи | (NLR Aleph) 016349463 |
| 100 ## - ДАННЫЕ ОБЩЕЙ ОБРАБОТКИ | |
| Данные общей обработки | 20230419d2023 d y0rusy50 ca |
| 101 0# - ЯЗЫК РЕСУРСА | |
| Язык текста, звукозаписи и т.д. | русский |
| -- | французский |
| 102 ## - СТРАНА ПУБЛИКАЦИИ ИЛИ ПРОИЗВОДСТВА | |
| Страна публикации | Российская Федерация |
| 105 ## - ПОЛЕ КОДИРОВАННЫХ ДАННЫХ: ТЕКСТОВЫЕ МАТЕРИАЛЫ, МОНОГРАФИЧЕСКИЕ | |
| Кодированные данные о монографическом текстовом документе | ||||j|||||||| |
| 181 #0 - ПОЛЕ КОДИРОВАННЫХ ДАННЫХ: ВИД СОДЕРЖАНИЯ | |
| Код вида содержания (ISBD) | i |
| Код характеристики содержания (ISBD) | axxe |
| 182 #0 - ПОЛЕ КОДИРОВАННЫХ ДАННЫХ: ТИП СРЕДСТВА | |
| Код типа средства (ISBD) | n - непосредственное |
| 200 1# - ЗАГЛАВИЕ И СВЕДЕНИЯ ОБ ОТВЕТСТВЕННОСТИ | |
| Основное заглавие | Французский язык |
| Сведения, относящиеся к заглавию | 4 класс |
| -- | учебник |
| -- | в двух частях |
| Первые сведения об ответственности | А. С. Кулигина |
| 203 ## - ВИД СОДЕРЖАНИЯ И ТИП СРЕДСТВА | |
| Вид содержания | Текст |
| Дополнительные сведения об издании | визуальный |
| Тип средства | непосредственный |
| 205 ## - СВЕДЕНИЯ ОБ ИЗДАНИИ | |
| Сведения об издании | 9-е изд., перераб. |
| 210 ## - ПУБЛИКАЦИЯ, РАСПРОСТРАНЕНИЕ И ДР. | |
| Место издания, распространения и т.д. | Москва |
| Имя издателя, распространителя и т. д. | Просвещение |
| Дата издания, распространения и т.д. | 2023 |
| 215 ## - ФИЗИЧЕСКАЯ ХАРАКТЕРИСТИКА | |
| Размеры | 26 |
| 225 1# - СЕРИЯ | |
| Основное заглавие серии | Твой друг французский язык |
| 225 1# - СЕРИЯ | |
| Основное заглавие серии | ФГОС |
| 300 ## - ОБЩИЕ ПРИМЕЧАНИЯ | |
| Текст примечания | Обл. на фр. яз.: Le français c'est super!: 4: méthode de français / A. Kouliguina |
| 512 1# - ЗАГЛАВИЕ ОБЛОЖКИ | |
| Связь между полями | z73790 |
| Заглавие обложки | Le français c'est super! |
| Сведения, относящиеся к заглавию | 4 |
| -- | méthode de français |
| 606 ## - НАИМЕНОВАНИЕ ТЕМЫ КАК ПРЕДМЕТ | |
| Наименование темы | Французский язык |
| Формальный подзаголовок | Учебники для начальной школы |
| Системный номер авторитетной/нормативной записи | 1524672 |
| Идентификатор авторитетной/нормативной записи | RU\NLR\AUTH\66964829 |
| 686 3# - ИНДЕКСЫ ДРУГИХ КЛАССИФИКАЦИЙ | |
| Индекс | Ш147.11-93рус21[4] |
| 700 #1 - ИМЯ ЛИЦА - ПЕРВИЧНАЯ ОТВЕТСТВЕННОСТЬ | |
| Материалы, к которым относится поле | rus |
| Графика поля | Кириллица |
| Начальный элемент ввода | Кулигина |
| Часть имени, кроме начального элемента ввода | А. С. |
| Расширение инициалов личного имени | Антонина Степановна |
| Идентификатор авторитетной/нормативной записи | RU\NLR\AUTH\774608 |
| Системный номер авторитетной/нормативной записи | 114585 |
| 790 #1 - ИМЯ ЛИЦА - АЛЬТЕРНАТИВНАЯ ФОРМА | |
| Материалы, к которым относится поле | rus |
| Графика поля | Латинская |
| Начальный элемент ввода | Kuligina |
| Часть имени, кроме начального элемента ввода | A. S. |
| Расширение инициалов личного имени | Antonina Stepanovna |
| Идентификатор авторитетной/нормативной записи | RU\NLR\AUTH\774609 |
| Системный номер авторитетной/нормативной записи | 114586 |
| 852 ## - МЕСТОНАХОЖДЕНИЕ И ШИФР ХРАНЕНИЯ | |
| Идентификатор организации | NLR |
| Шифр хранения (Call Number) | 2023-7/2235 |
| 942 ## - ДОПОЛНИТЕЛЬНЫЕ ЭЛЕМЕНТЫ ЗАПИСИ (АБИС) | |
| Тип экземпляра АБИС | Книга |
Нет доступных экземпляров.